| 000 | 00698nam a2200253 a 4500 | ||
|---|---|---|---|
| 001 | 000107787 | ||
| 003 | CHAP | ||
| 005 | 20220329143943.0 | ||
| 008 | 131105s2011 mx |r| |||0|||spa d | ||
| 010 | _a104249 | ||
| 011 | _a105221 | ||
| 020 | _a9786077072614 | ||
| 040 | _cCHAP | ||
| 082 | 0 | 4 |
_a001.42 _bL31 |
| 100 | 1 |
_aLara Muñoz, Erica María _9124528 |
|
| 245 | 1 | 0 |
_aFundamentos de investigación : _bun enfoque por competencias / _cpor Erica María Lara Muñoz. |
| 260 |
_aMéxico : _bAlfaomega, _c2011. |
||
| 300 | _axv, 271p. | ||
| 590 |
_aE5652GLJ _b05 _c20131105 _lUCH01 _h0941 |
||
| 650 | 1 | 4 |
_aInvestigación _xMetodología. _960237 |
| 901 | _aBK | ||
| 942 | _cLIBRO | ||
| 942 | _n0 | ||
| 999 |
_c104249 _d104249 |
||